000 00432nam a2200157 i 4500
001 22607
003 ES-MaACL
005 20230906152726.0
007 t|
008 021203s1963 sp ||||1| spa d
100 1 _aAlonso Montero, Xesús.
_920364
245 1 3 _aLa palabra en la realidad /
_cXesús Alonso Montero.
260 _aMadrid, etc. :
_bCelta,
_c1963.
300 _a95 p. ;
_c18 cm.
852 _aES-MaACL
_jC-22741
_bR.51769
999 _c22607
_d22607